|
|
|
|
| LEADER |
01634nam a2200349 a 4500 |
| 001 |
13617361 |
| 008 |
090617s2006 ohuab 001 0 eng d |
| 999 |
|
|
|c 1752
|d 1752
|
| 010 |
|
|
|a 2004108496
|
| 020 |
|
|
|a 0324319487 (SE text)
|
| 020 |
|
|
|a 0324288417 (SE pkg)
|
| 020 |
|
|
|a 0324395434 (IE pkg)
|
| 020 |
|
|
|a 0324395426 (IE text)
|
| 040 |
|
|
|a DLC
|c DLC
|
| 082 |
0 |
0 |
|a 658.1599
|2 22
|
| 100 |
1 |
|
|a Madura, Jeff.
|9 33557
|
| 245 |
1 |
0 |
|a International financial management /
|c Jeff Madura.
|
| 250 |
|
|
|a 8th ed.
|
| 260 |
|
|
|a Mason, Ohio :
|b Thomson/South-Western,
|c c2006.
|
| 300 |
|
|
|a xxiv, 705 p. :
|b ill. (some col.), col. maps ;
|a 26 cm.
|
| 500 |
|
|
|a Includes passport for 6 months access to the Madura Xtra! (http://maduraxtra.swlearning.com) study tools and passcode to InfoTrac College Edition, the Online Library (www.infotrac-college.com).
|
| 504 |
|
|
|a Includes index.
|
| 541 |
1 |
|
|e 00014097
|
| 650 |
|
0 |
|a International finance.
|9 33558
|
| 650 |
|
0 |
|a Foreign exchange.
|9 33559
|
| 650 |
|
0 |
|a Asset-liability management.
|9 33560
|
| 650 |
|
0 |
|a Banks and banking, International.
|9 33561
|
| 650 |
|
0 |
|a International business enterprises
|x Finance.
|9 33562
|
| 852 |
4 |
|
|a Ayesha Abed Library
|j General Shelf.
|
| 942 |
|
|
|2 ddc
|c BK
|
| 952 |
|
|
|0 0
|1 0
|2 ddc
|4 0
|6 658_159900000000000_MAD
|7 0
|9 1603
|a BRACUL
|b BRACUL
|c GEN
|d 2009-06-29
|g 3400.00
|l 13
|m 45
|o 658.1599 MAD
|p 3010014097
|r 2025-11-03
|s 2025-10-22
|t 1
|w 2009-06-29
|y BK
|x Price available in register book.
|
| 952 |
|
|
|0 0
|1 4
|2 ddc
|4 1
|6 658_159900000000000_MAD
|7 0
|9 10550
|a BRACUL
|b BRACUL
|c SPS
|d 2010-05-29
|l 5
|m 45
|o 658.1599 MAD
|p 3010015106
|r 2016-06-22
|s 2016-01-10
|t 2
|w 2010-05-29
|y BK
|x Koha Inventory 2020
|